Mundialización y régimen jurídico internacional del trabajo. La organización internacional del trabajo como referente político jurídico universal

Đã lưu trong:
Chi tiết về thư mục
Tác giả chính: Bonet Pérez, Jordi (Tác giả)
Định dạng: Sách
Ngôn ngữ:Tiếng Tây Ban Nha
Được phát hành: Barcelona Atelier 2007
Loạt:Colección Atelier Internacional
Những chủ đề:
Các nhãn: Thêm thẻ
Không có thẻ, Là người đầu tiên thẻ bản ghi này!

MARC

LEADER 00000nam a2200000 a 4500
001 UCI3834
003 CL-VaPUC
005 20210728001635.0
008 071130e20070000SP |||||||||||||||||spa|d
999 |c 327896  |d 327894 
020 |a 8496758109 
040 |c Pontificia Universidad Católica de Valparaíso 
082 0 4 |a 344.01  |b BON  |2 21 
100 0 |a Bonet Pérez, Jordi  |e author  |9 525366 
245 1 0 |a Mundialización y régimen jurídico internacional del trabajo. La organización internacional del trabajo como referente político jurídico universal 
260 |a Barcelona  |b Atelier  |c 2007 
300 |a 361 p 
490 0 |a Colección Atelier Internacional 
583 |a last modification  |c 20071130 00:00:00  |k Rodrigo Vera 
600 0 7 |a OIT  |2 CL-VaPUC  |9 255318 
650 7 |a DERECHO LABORAL  |2 CL-VaPUC  |9 15 
650 0 |a Derecho internacional  |9 255637 
650 0 |a Teoría del derecho  |9 255982 
852 |a BIBCUR 
942 |c BK  |2 ddc 
945 |d 20071130 00:00:00  |a jtorresc 
952 |0 0  |1 0  |4 0  |6 344_010000000000000_BON_2007  |7 0  |8 A  |9 411424  |a BIBDER  |b BIBDER  |d 2019-11-22  |i 4392345  |o 344.01 BON 2007  |p 4392345  |r 2023-01-25  |w 2019-11-22  |y BK  |k DER